000 00244nam a22000977a 4500
041 _aeng
080 _a80
100 _aАртемов, В. А.
245 _aПсихология обучения иностраным языкам.
999 _c280517
_d280517
942 _cBK